Statistics for Ty Dolla $ign Charting Songs (Billboard Hot 100)

Click here to take the quiz!

General Stats

  • This quiz has been taken 8 times
    (5 since last reset)
  • The average score is 12 of 27

Answer Stats

AlbumWeeks OnPeakArtist(s)Song% Correct
Non-Album Single16 Weeks#11Megan Thee Stallion ft. Nicki Minaj & Ty Dolla $ignHot Girl Summer
100%
beerbongs and bentleys39 Weeks#1 (1 Week)Post Malone ft. Ty Dolla $ignPsycho
75%
Suicide Squad: The Album22 Weeks#15Lil Wayne, Wiz Khalifa & Imagine Dragons with Logic & Ty Dolla $ign ft. X AmbassadorsSucker For Pain
75%
Non-Album Single20 Weeks#29Jason Derulo ft. Nicki Minaj & Ty Dolla $ignSwalla
75%
Beach House EP20 Weeks#29Ty Dolla $ign ft. B.o.BParanoid
75%
7/2734 Weeks#4Fifth Harmony ft. Ty Dolla $ignWork From Home
75%
Positions1 Week#52Ariana Grande ft. Ty Dolla $ignsafety net
50%
While We Wait9 Weeks#67Kehlani ft. Ty Dolla $ignNights Like This
50%
Teenage Mutant Ninja Turtles soundtrack3 Weeks#84Juicy J, Wiz Khalifa & Ty Dolla $ign ft. Kill The Noise & MadsonikShell Shocked
50%
Suncity EP (Vinyl Edition)18 Weeks#57Khalid, Ty Dolla $ign & 6LACKOTW
50%
Pretty Girls Like Trap Music20 Weeks#442 Chainz ft. Ty Dolla $ign, Trey Songz & Jhene AikoIt's a Vibe
50%
Non-Album Single20 Weeks#29SZA ft. Ty Dolla $ignHit Different
50%
Beach House EP20 Weeks#48Ty Dolla $ign ft. Wiz Khalifa & DJ MustardOr Nah
50%
Free TC9 Weeks#81Ty Dolla $ign ft. E-40Saved
50%
Non-Album Single1 Week#92Wiz Khalifa ft. Ty Dolla $ignSomething New
25%
Featuring Ty Dolla $ign1 Week#83Ty Dolla $ign ft. Nicki MinajExpensive
25%
Coloring Book1 Week#93Chance The Rapper ft. Ty Dolla $ignBlessings
25%
Detroit 21 Week#95Big Sean ft. Ty Dolla $ign & Jhene AikoBody Language
25%
Dark Sky Paradise14 Weeks#84Big Sean ft. Chris Brown & Ty Dolla $ignPlay No Games
25%
Featuring Ty Dolla $ign1 Week#53Ty Dolla $ign ft. Post MaloneSpicy
25%
Blacc Hollywood10 Weeks#82Wiz Khalifa ft. Ty Dolla $ign & Snoop DoggYou and Your Friends
25%
Culture II1 Week#64Migos ft. Travi$ Scott, Ty Dolla $ign & Big SeanWhite Sand
25%
Free TC18 Weeks#63Ty Dolla $ign ft. Future & Rae SremmurdBlase
25%
Wins & Losses13 Weeks#51Meek Mill ft. Chris Brown & Ty Dolla $ignWhatever You Need
25%
Scorpion3 Weeks#41Drake ft. Static Major & Ty Dolla $ignAfter Dark
25%
JESUS IS KING1 Week#33Kanye West ft. Ty Dolla $ign & Ant ClemonsEverything We Need
25%
Islah1 Week#97Kevin Gates ft. Trey Songz & Ty Dolla $ignJam
25%

Score Distribution

Percentile by Number Answered

Percent of People with Each Score

Your Score History

You have not taken this quiz since the last reset